000 00207 a2200097 4500
001 43222
100 _aPriestley,
245 _aSalt is leaving
260 _aLondon
_bPan books ltd
_c
090 _c27065
_d27065
942 _aNUST-CAE
_cM
_c18964
999 _c278295
_d278295